Betriebsformen-Konkurenz im Einzelhandel /

Saved in:
Bibliographic Details
Main Author: Weber, Ernst (Author)
Format: Book
Language:German
Published: Nagold : Ferder Verlag, 1987
Tags: Add Tag
No Tags, Be the first to tag this record!

MARC

LEADER 00000nam a22000003a 4500
001 stu31525
005 20150617225735.3
008 940104s1987----gw------------------ger-d
040 |a STU  |b slo 
041 0 |a ger 
044 |a gw 
080 |a 339.137.2 
100 1 |a Weber, Ernst  |4 aut 
245 1 |a Betriebsformen-Konkurenz im Einzelhandel /  |c [aut.] Weber,Ernst 
260 |a Nagold :  |b Ferder Verlag,  |c 1987 
300 |a 85 s 
996 |b J90097  |c J*90097  |l JJSK  |s A  |a 24  |w stu31525_0001